000
00227 a2200097 4500
001
28831
100
_a
Ellis, R B
245
_a
Laboratory manual in physical chemistry
260
_a
_b
McGraw-Hill
_c
1953
090
_c
19277
_d
19277
942
_a
NUST-CAE
_c
M
_c
10310
999
_c
263904
_d
263904